Loading...
Classical mechanics
| Main Author: | |
|---|---|
| Format: | Printed Book |
| Published: |
New Delhi:
PHI,
2011
|
| Subjects: |
| LEADER | 00462nam a22001457a 4500 | ||
|---|---|---|---|
| 020 | |a 9788120335165 | ||
| 082 | |a 531 |b MON/C | ||
| 100 | |a Mondal, C. R. | ||
| 245 | |a Classical mechanics | ||
| 260 | |a New Delhi: |b PHI, |c 2011 | ||
| 300 | |a 156p. | ||
| 650 | |a Classical mechanics |a Physics | ||
| 942 | |c BK | ||
| 999 | |c 36159 |d 36159 | ||
| 952 | |0 0 |1 0 |4 0 |6 531_000000000000000_MONC |7 0 |8 Stack |9 38259 |a KUCL |b KUCL |c Stack |d 2015-11-24 |l 1 |o 531 MON/C |p 35224 |r 2017-11-25 |s 2017-11-03 |w 2015-11-24 |y BK | ||